| 000 | 01155nam a22003618a 4500 | ||
|---|---|---|---|
| 999 |
_c1614 _d1614 |
||
| 001 | 014679855 | ||
| 003 | Uk | ||
| 005 | 20230116105113.0 | ||
| 008 | 080714s2009 enk j 000 0 eng d | ||
| 015 |
_aGBA893372 _2bnb |
||
| 016 | 7 |
_a014679855 _2Uk |
|
| 020 | _a9780340907368 (pbk.) : | ||
| 020 | _a0340907363 (pbk.) : | ||
| 040 |
_aStDuBDS _beng _cStDuBDS _dKH8 |
||
| 082 | 0 | 4 |
_a942.03 CUL _222 |
| 100 | 1 |
_aCulpin, Christopher. _eauthor |
|
| 245 | 1 | 0 |
_aSHP history: _bYear 8/ _cby Chris Culpin, Bethan Edwards. |
| 246 | 3 | _aPupil's book | |
| 260 |
_aLondon : _bHodder Education, _c2009. |
||
| 263 | _a200810 | ||
| 300 |
_aviii, 232 p. ; _bcol. ill. : _c28 cm. |
||
| 336 |
_atext _2rdacontent |
||
| 337 |
_aunmediated _2rdamedia |
||
| 338 |
_avolume _2rdacarrier |
||
| 500 | _aPrepublication Record | ||
| 651 | 0 |
_aGreat Britain _xHistory _yMedieval period, 1066-1485 _vJuvenile literature. |
|
| 651 | 0 |
_aGreat Britain _xHistory _yRoman period, 55 B.C.-449 A.D _vJuvenile literature. |
|
| 700 | 1 |
_aEdwards, Bethan. _eauthor |
|
| 700 | 1 |
_aDawson, Ian _eauthor |
|
| 700 | 1 |
_aBanham, Dale _eauthor |
|
| 700 | 1 |
_aBurnham, Sally _eauthor |
|
| 942 |
_2ddc _cTR |
||